Flexibilné formy zamestnávania

Flexibilné formy zamestnávania ako motivačný faktor. Pracovný pomer na dobu určitú. Pružný pracovný čas. Práca na čiastočný úväzok. Zdieľanie pracovných miest. Telepráca - práca doma.

Enregistré dans:
Détails bibliographiques
Auteur principal: Páleník, Michal
Format: Chapitre de livre
Langue:slovaque
Sujets:
Tags: Ajouter un tag
Pas de tags, Soyez le premier à ajouter un tag!

MARC

LEADER 00000naa$a2200000$$$4500
001 0085737
005 20231109095425.0
041 0 |a slo 
044 |a SK 
245 1 0 |a Flexibilné formy zamestnávania  |c Michal Páleník 
520 |a Flexibilné formy zamestnávania ako motivačný faktor. Pracovný pomer na dobu určitú. Pružný pracovný čas. Práca na čiastočný úväzok. Zdieľanie pracovných miest. Telepráca - práca doma. 
610 2 0 |a trh práce 
610 2 0 |a zamestnanie 
610 2 0 |a práca 
610 2 0 |a miesta pracovné 
610 2 0 |a pomer pracovný na dobu určitú 
610 2 0 |a čas pracovný pohyblivý 
610 2 0 |a motivácia 
100 1 |a Páleník, Michal